Diccionario de reglas, aforismos y principios de derecho /
Guardado en:
| Autor Principal: | |
|---|---|
| Formato: | Libro |
| Idioma: | Spanish |
| Publicado: |
Madrid :
Reus,
1975
|
| Edición: | 4a. ed. |
| Materias: | |
| Etiquetas: |
Agregar Etiqueta
Sin Etiquetas, Sea el primero en etiquetar este registro!
|
| LEADER | 00537nam a22001695a 4500 | ||
|---|---|---|---|
| 001 | DER.der001802 | ||
| 008 | 180615s1975####sp#||||||||||||||#||spa|| | ||
| 005 | 20251114154406.0 | ||
| 245 | 1 | 0 | |a Diccionario de reglas, aforismos y principios de derecho / |c Carlos López de Haro |
| 250 | |a 4a. ed. | ||
| 260 | |a Madrid : |b Reus, |c 1975 | ||
| 300 | |a 254 p. | ||
| 020 | |a 8429006095 | ||
| 100 | 1 | |a López de Haro, Carlos | |
| 650 | 7 | |a DICCIONARIOS | |
| 859 | |a DERECHO |b BIB. DERECHO |h 340.03 |i LOP |p 003893 | ||
| 859 | |a DERECHO |b BIB. DERECHO |h 340.03 |i LOP |k 00 |p 008157 |t 1 | ||
